Business finance : (Record no. 3353)

MARC details
000 -LEADER
fixed length control field 01547nam a2200205Ia 4500
020 ## - INTERNATIONAL STANDARD BOOK NUMBER
ISBN 0273702629
020 ## - INTERNATIONAL STANDARD BOOK NUMBER
ISBN 9780273702627
050 00 - CALL NUMBER
Classification number HG4026
Item number .M388
100 1# - AUTHOR
Personal name McLaney, E. J.
245 10 - TITLE
Title Business finance :
Remainder of title theory and practice /
Statement of responsibility, etc Eddie McLaney.
250 ## - EDITION
Edition statement Seventh edition.
260 ## - PUBLICATION INFORMATION
Place of publication Harlow, England ;
-- New York :
Name of publisher Financial Times/
-- Prentice Hall,
Year of publication 2006.
300 ## - DESCRIPTION
Number of Pages xvii, 518 pages :
Other physical details color illustrations ;
Dimensions 27 cm.
505 ## - FORMATTED CONTENTS NOTE
Table of Content pt. 1. The business finance environment --<br/>1. Introduction --<br/>2. A framework for financial decision making --<br/>3. Financial (accounting) statements and their interpretation --<br/>pt. 2. Investment decisions --<br/>4. Investment appraisal methods --<br/>5. Practical aspects of investment appraisal --<br/>6. Risk in investment appraisal --<br/>7. Portfolio theory and its relevance to real investment decisions --<br/>pt. 3. Financing decisions --<br/>8. Sources of long-term finance --<br/>9. The secondary capital market (the stock exchange) and its efficiency --<br/>10. Cost of capital estimations and the discount rate --<br/>11. Gearing, the cost of capital and shareholders' wealth --<br/>12. The dividend decision --<br/>pt. 4. Integrated decisions --<br/>13. Management of working capital --<br/>14. Corporate restructuring (including takeovers and divestments) --<br/>15. International aspects of business finance --<br/>16. Small businesses.
650 #0 - SUBJECTS
Topical Term Business enterprises
General subdivision Finance.
650 #0 - SUBJECTS
Topical Term Business enterprises
General subdivision Finance
650 #0 - SUBJECTS
Topical Term Corporations
General subdivision Finance.
650 #0 - SUBJECTS
Topical Term Corporations
General subdivision Finance
942 ## - ADDED ENTRY ELEMENTS (KOHA)
Koha item type Books
Holdings
Withdrawn status Lost status Collection code Home library Current library Shelving location Date acquired Full call number Accession Number Koha item type
    Reference Methodist University Library Main Methodist University Library Main General Stacks 21/03/2007 HG4026 .M388 27757 Books
    Reference Methodist University Library Main Methodist University Library Main General Stacks 21/03/2007 HG4026 .M388 27755 Books
Copyright © 2026  MUG Library